000 00782nam a2200241 i 4500
001 177690
003 ES-MaACL
005 20230906220404.0
008 110412s1987 sp ||||1| spa d
020 _a84-505-6215-5
080 _a658.5/.8
100 1 _aTrigo de Aizpuru, Miguel Ángel.
_9146141
245 1 3 _aLa previsión del futuro en la empresa /
_cMiguel Ángel Trigo de Aizpuru.
260 _aMadrid :
_bInstituto de la Pequeña y Mediana Empresa Industrial,
_cD. L. 1987.
300 _a105 p. ;
_c21 cm.
490 1 _aManuales IMPI ;
_v17
500 _aÍndice.
504 _aBibliografía: p. 104.
650 1 4 _aPlanificación estratégica.
_916111
830 0 _aManuales IMPI ;
_v17
_9190542
852 _aES-MaACL
_jE-14885
_xOlim P-518
999 _c177690
_d177690